|
|
|
|
| LEADER |
00000nam a22000007a 4500 |
| 005 |
20120328125653.0 |
| 007 |
cr|||| |||| |
| 008 |
120328s20069999uk |||| s|||| 0|||a1eng d |
| 022 |
|
|
|a 1477-0024
|
| 035 |
|
|
|a 6142
|
| 040 |
|
|
|a vLex
|
| 090 |
|
|
|c 3094
|d 3094
|
| 245 |
0 |
0 |
|a Journal of International Trade Law and Policy
|h [Recurso electrn̤ico]
|
| 256 |
|
|
|a Servicio en ln̕ea
|
| 260 |
|
|
|a Bogot ̀:
|b ediciones de la U,
|c 2006 -
|
| 300 |
|
|
|a 1 recurso electrn̤ico
|
| 310 |
|
|
|a Trimestral
|
| 362 |
|
|
|a Nm︢. 1 (2006) -
|
| 506 |
1 |
|
|a Contenido solo disponible en los productos indicados
|d vLex Global
|d vLex Global (Academic Edition, excluding Law Schools)
|d vLex Global (U.S. Academic Edition, Law Schools)
|d vLex Global (U.S. Academic Edition, excluding Law Schools)
|d vLex Global (Academic Edition, Law Schools)
|
| 650 |
0 |
4 |
|a Derecho mercantil
|
| 650 |
0 |
4 |
|a Polt̕ica
|
| 740 |
0 |
|
|a vLex Libros (Servicio en ln̕ea)
|
| 856 |
4 |
0 |
|u http://vlex.com/source/journal-international-trade-law-and-policy-6142
|z Acceso restringido
|
| 942 |
|
|
|c BOOK
|
| 999 |
0 |
|
|a Commercial law
|
| 999 |
0 |
|
|a Politics, Practical
|